000 02192cam a22002054a 4500
005 20250605164106.0
008 250528s ||||||||||||||||||||||||d
035 _a17744
020 _a9789604990047
040 _aGR-AtMCL
_bgre
_dGR-AtMCL
_eAACR2
245 1 _aΠαιδιά με Ειδικές Ανάγκες / Μία Εισαγωγή στην Ειδική Εκπαίδευση
250 _a
260 _bΤόπος,
_c2011
300 _a824
520 _aΤο παρόν βιβλίο ξετυλίγει αυτή την ''ατελείωτη ιστορία ανθρώπων'' οι οποίοι καταθέτουν τις γνώσεις και την προσωπική τους εμπειρία που απεκόμισαν από το εξαιρετικά ποικιλόμορφο και δυναμικό πεδίο της ειδικής αγωγής. Οι Βάσεις για την Κατανόηση της Ειδικής Αγωγής, Ο Σκοπός και η Υποσχεση της Ειδικής Αγωγής, Συνεργασία με Γονείς και Οικογένειες σε μία Πολιτισμικά και Γλωσσικά Ποικιλόμορφη Κοινωνία, Μαθητές με Ειδικές Εκπαιδευτικές Ανάγκες, Νοητική Καθυστέρηση, Μαθησιακές Δυσκολίες, Συναισθηματικές ή Συμπεριφοριστικές Διαταραχές, Διαταραχές Αυτιστικού Φάσματος, Διαταραχές Επικοινωνίας, Κώφωση και Βαρηκοϊα, Τύφλωση και Μερική Όραση, Σωματικές Αναπηρίες και Χρόνια Προβλήματα Υγείας και ΔΕΠ-Υ, Χαρισματικότητα και Ταλέντο, Η Ειδική Αγωγή σε Όλο το Εύρος της Ζωής, Ειδική Αγωγή στη Πρώιμη Παιδική Ηλικία, Μετάβαση στην Ενήλικη Ζωή, Γλωσσάρι, Ευρετήριο Βασικών Όρων, Βιβλιογραφία.
700 1 _aLee Heward William
_93944
942 _cBK
999 _c3145
_d3145